Movies Quiz

Random Movies or Actor Quiz

Title Character by Actor Quiz Stats

 Plays Quiz not verified by Sporcle

Challenge
Share
Tweet
Embed
Score 0/12 Timer 03:00
0 Plays Today
Hint Actor % Correct
Forrest Gump???
76.5%
The Dark Knight???
76.5%
Schindler's List???
70.6%
Saving Private Ryan???
70.6%
Taxi Driver???
70.6%
Gladiator???
64.7%
Indiana Jones???
64.7%
Scarface???
64.7%
Django Unchained???
58.8%
Mr. Smith Goes to Washington???
47.1%
Dr. Strangelove or: How I Learned to Stop Worrying and Love the Bomb???
41.2%
Kill Bill???
41.2%

You're not logged in!

Compare scores with friends on all Sporcle quizzes.
OR
Log In

You Might Also Like...

Show Comments

Extras

Created Nov 28, 2014ReportNominate
Tags:Actor Quiz, character

Top Quizzes Today


Score Distribution

Your Account Isn't Verified!

In order to create a playlist on Sporcle, you need to verify the email address you used during registration. Go to your Sporcle Settings to finish the process.

Report this User

Report this user for behavior that violates our Community Guidelines.

Details: